1874 1325 1650 1059 1556 1429 1138 1367 1794 1775 1680 1718 1145 1423 1883 1737 1074 1362 1542 1534 1939 1226 1859 1387 1067 1643 1245 1678 1770 1721 1793 1407 1519 1592 1190 1160 1088 1207 1980 1599 1756 1794 1602 1392 1572 1022 1569 1232 1199 1149 1950 1520 1696 1984 1320 1722 1825 1077 1987 1797 1582 1924 1250 1239 1981 1840 1699 1968 1085 1070 1534 1482 1308 1784 1029 1853 1401 1762 1934 1100 1390 1844 1298 1485 1762 1790 1348 1653 1832 1951 1018 1473 1580 1070 1236 1426 1111 1716 1080 BCNSPRNW ULIB Ver.6.0+V

เปลี่ยนเป็นภาษาไทย

Change to English
 แสดงรายละเอียดบรรณานุกรม
  กลับหน้าหลัก

Brief Record : Get Marc (ISO 2709) : E-mail record : QR code < ปิดหน้าต่าง
LEADER : 00000nam 2200000uu 4500
001    13399114462
003     ULIB
008    110314s||||||||th 000 0 tha d
020    9789748230528
060 04 ^aW32.JT3^bฉ236บ
100 0  ฉัตรสุมน พฤฒิภิญโญ
245 10 บริหารกฎหมายการแพทย์และสาธารณสุข 2554 /^cฉัตรสุมน พฤฒิภิญโญ
250    พิมพ์ครั้งที่ 1
260    กรุงเทพฯ :^bภาควิชาบริหารสาธารณสุข คณะสาธารณสุขศาสตร์ มหาวิทยาลัยมหิดล,^c2554
300    xxi, 358 หน้า :^bภาพประกอบ ;^c27 ซม.
650  7 กฎหมายทางการแพทย^zไทย
650  7 การบริหารสาธารณสุข^zไทย
650  7 สาธารณสุข^xกฎหมายและระเบียบข้อบังคับ^zไทย
710 1  มหาวิทยาลัยมหิดล.^bคณะสาธารณสุขศาสตร์.^bภาควิชาบริหารสาธารณสุข.
945    ^p0^l0^i031586
995    ทศพร
999 ^a ใช้งานได้ทุกระบบ
รายการนี้ยังไม่มีแท็ก
คุณยังไม่ได้ล็อกอิน คุณสามารถมีกิจกรรมร่วมกับเว็บไซต์ได้ แต่ต้องล็อกอินก่อน ::
  ล็อกอิน

รายการสื่อสารสนเทศ

ลำดับที่ ประเภท เลขเรียก/บาร์โค้ด สถานที่ สถานะ
1. วิทยาศาสตร์การแพทย์ และสุขภาพ
หนังสือสำรอง
สถานะ=หนังสือสำรอง
W32.JT3 ฉ236บ ฉ.1 
  Barcode: 031586
ห้องสมุดวิทยาเขตสวรรค์ประชารักษ์
►ส่วนจัดเก็บหนังสือเก่า สปร
บนชั้น
  ขอยืม

รายการใกล้เคียง
    ผู้แต่ง [ฉัตรสุมน พฤฒิภิญโญ]

BibComment


ยังไม่เคยถูกคอมเมนท์

คอมเมนท์ทรัพยากรรายการนี้
  คอมเมนท์: บริหารกฎหมายการแพ..


 Copyright 2026. Bcnsprnw @Library